000 00319 a2200145 4500
001 154782
040 _cEscola São Tomás de Aquino
240 1 0 _aProjeto Lumirá História
_lpor
245 1 0 _aProjeto Lumirá História
300 _a144
362 0 _a2013
440 1 _aÁtica
697 _aHISTÓRIA
942 _cBK
999 _c154782
_d154782